000 01002nam a2200265Ia 4500
003 OSt
005 20220923220026.0
006 a|||||r|||| 00| 0
007 ta
008 220922b |||||||| |||| 00| 0 hin d
024 _a183,629
037 _cTextual
040 _aARTS
_cARTS
_bhin
041 _2hin
_ahin
082 _aO152,1N183,1, L8
100 _aभूप, रूपचन्द खण्डेलवाल
_9163980
245 0 _aश्री विट्ठलायन
_b चरित मूलक महाकाव्य
246 _aShrī viṭṭhalāyana: charit mūlak hinākāvya
260 _aजबलपुर
_b विट्ठलायन प्रकाशन
_c1978
300 _a546 पृ.
_ccm.
650 _a हिन्दी साहित्य
_9156264
650 _aहिन्दी कविता
942 _hO152,1N183,1, L8
_cTEXL
_2CC
999 _c336949
_d336949